Offentlichkeit und Geheimnis: eine begriffsgeschichtliche Untersuchung zur Entstehung der Offentlichkeit in der frühen Neuzeit

Saved in:
Bibliografiske detaljer
Hovedforfatter: Hölscher, Lucian (Author)
Format: Bog
Sprog:tysk
Udgivet: Stuttgart Ernst Klett 1979
Serier:Sprache und Geschichte, 4
Fag:
Tags: Tilføj Tag
Ingen Tags, Vær først til at tagge denne postø!

MARC

LEADER 00000nam a2200000 a 4500
001 UCN9125
003 CL-VaPUC
008 011123e19790000GW |||||||||||||||||ger|d
082 0 4 |a 320.01  |b HOL  |2 21 
100 0 |a Hölscher, Lucian  |e author  |9 465576 
245 1 0 |a Offentlichkeit und Geheimnis: eine begriffsgeschichtliche Untersuchung zur Entstehung der Offentlichkeit in der frühen Neuzeit 
300 |a 183 p 
942 |c BK 
945 |d 20011123 00:00:00  |a crobeson 
260 |a Stuttgart  |b Ernst Klett  |c 1979 
650 7 |a OPINION PUBLICA - HISTORIA  |2 CL-VaPUC  |9 465577 
650 0 |a Procesos sociales  |9 337802 
583 |a last modification  |c 20011123 00:00:00  |k Rodrigo Vera 
490 0 |a Sprache und Geschichte, 4 
999 |c 298672  |d 298670 
952 |0 0  |1 0  |4 0  |6 320_010000000000000_HOL_1979  |7 0  |8 A  |9 354438  |a BIBHIS  |b BIBHIS  |d 2019-11-21  |i 374275K  |o 320.01 HOL 1979  |p 374275K  |r 2025-01-20  |w 2019-11-21  |y BK  |k HIS